Shi jie zui shen qi de xin ling ke (Record no. 102608)

MARC details
000 -LEADER
fixed length control field 00665nam a2200241 i 4500
001 - CONTROL NUMBER
control field C2-0298283
003 - CONTROL NUMBER IDENTIFIER
control field PPAK
005 - DATE AND TIME OF LATEST TRANSACTION
control field 20180728080407.0
008 - FIXED-LENGTH DATA ELEMENTS--GENERAL INFORMATION
fixed length control field 090528s2008 cc a|||| ||||| | chi d
020 ## - INTERNATIONAL STANDARD BOOK NUMBER
International Standard Book Number 9789866845482
040 ## - CATALOGING SOURCE
Original cataloging agency PPAK
Language of cataloging eng
Transcribing agency PPAK
Description conventions rda
082 04 - DEWEY DECIMAL CLASSIFICATION NUMBER
Classification number 150
Edition number 23
090 00 - LOCALLY ASSIGNED LC-TYPE CALL NUMBER (OCLC); LOCAL CALL NUMBER (RLIN)
Classification number (OCLC) (R) ; Classification number, CALL (RLIN) (NR) 150
Feature heading HAA
Feature heading G
100 1# - MAIN ENTRY--PERSONAL NAME
Personal name Haanel, Charles,
Relator term author
245 10 - TITLE STATEMENT
Title Shi jie zui shen qi de xin ling ke
264 #1 - PRODUCTION, PUBLICATION, DISTRIBUTION, MANUFACTURE, AND COPYRIGHT NOTICE
Place of production, publication, distribution, manufacture Taipei, Taiwan :
Name of producer, publisher, distributor, manufacturer De wei guo ji wen hua ,
Date of production, publication, distribution, manufacture, or copyright notice 2008
300 ## - PHYSICAL DESCRIPTION
Extent 262 pages :
Other physical details illustrations ;
Dimensions 21 cm
336 ## - CONTENT TYPE
Source rdacontent
Content type term text
337 ## - MEDIA TYPE
Source rdamedia
Media type term unmediated
338 ## - CARRIER TYPE
Source rdacarrier
Carrier type term volume
650 10 - SUBJECT ADDED ENTRY--TOPICAL TERM
Topical term or geographic name entry element Psychology
942 ## - ADDED ENTRY ELEMENTS (KOHA)
-- dc
Koha item type Book
Holdings
Withdrawn Not for loan Current library Shelving location Date acquired Total Checkouts Total Renewals Full call number Barcode Checked out Date last seen Date last checked out Koha item type
    Perpustakaan Alor Setar Pinjaman Dewasa 14/06/2009 3 2 150 HAA A01289847 14/05/2026 23/04/2026 23/04/2026 Book
    Perpustakaan Awam Sungai Petani Pinjaman Dewasa 18/06/2009 1   150 HAA A01300108   30/12/2019 09/12/2019 Book